|
|
|
|
| LEADER |
01155nam a22002417a 4500 |
| 001 |
37762 |
| 003 |
BD-DhAAL |
| 005 |
20250901113808.0 |
| 008 |
220224t2004 bg a|||| |||| 00| 0 eng d |
| 020 |
|
|
|a 9845085415
|
| 040 |
|
|
|a BD-DhAAL
|c BD-DhAAL
|
| 082 |
|
|
|a 331.11095492021
|2 20
|
| 245 |
|
|
|a Report on labour force survey, 2002-2003 /
|c Bangladesh Bureau of Statistics.
|
| 260 |
|
|
|a Dhaka, Bangladesh :
|b Bangladesh Bureau of Statistics, Statistics Division, Ministry of Planning, Govt. of the People's Republic of Bangladesh,
|c 2004.
|
| 300 |
|
|
|a xv, 169 pages :
|b illustrations ;
|c 28 cm.
|
| 541 |
|
|
|a Complimentary copy from BIED
|e 37762
|
| 650 |
|
|
|a Labor supply
|z Bangladesh
|x Statistics.
|9 46086
|
| 650 |
|
|
|a Household surveys
|z Bangladesh.
|9 46087
|
| 710 |
|
|
|a Bangladesh.
|b Bureau of Statistics
|9 46088
|
| 852 |
|
|
|a Ayesha Abed Library
|c BIED Collection
|
| 942 |
|
|
|2 ddc
|c BK
|
| 999 |
|
|
|c 43585
|d 43585
|
| 952 |
|
|
|0 0
|1 0
|2 ddc
|4 0
|6 331_110954920210000_REP
|7 0
|9 69899
|a BRACUL
|b BRACUL
|c GEN
|d 2022-02-24
|e Complimentary copy from BIED
|l 1
|m 1
|o 331.11095492021 REP
|p 3010037762
|r 2025-09-07
|s 2025-09-01
|t 1
|w 2022-02-24
|y BK
|x Transferred from BIED to General Stacks. BIED-00747
|